000 00647nam a2200241Ia 4500
003 OSt
005 20220918200458.0
006 a|||||r|||| 00| 0
007 ta
008 220917b |||||||| |||| 00| 0 eng d
024 _a88,980
037 _cTextual
040 _aARTS
_cARTS
_beng
041 _2eng
_aeng
082 _aU21:63:N5, J1(906)-;1 (UD)
100 _aKing Lester C
_993961
245 0 _aSouth African scenery
_b a textbook of geomorphology
250 _a2nd
260 _c1951
650 _aMORPHOLOGY
942 _hU21:63:N5, J1(906)-;1 (UD)
_cTEXL
_2CC
999 _c212650
_d212650